000
00297 a2200121 4500
001
147050
040
_c
Escola São Tomás de Aquino
100
_a
IACOCCA, Liliana
240
1
0
_a
O gato e o novelo de lã
_l
por
245
1
0
_a
O gato e o novelo de lã
697
_a
*LITERATURA INFANTIL
942
_c
BK
999
_c
147050
_d
147050